00538nam a22001577a 4500082001300000100002500013245007500038250001300113260004200126300002600168526003700194650001300231942001200244999001900256952010500275 a624bVAZ aVazirani v.n.923345 aKhanna's handbook of civil engineeringcV.n. vazirani , S.P. Chandola. a13th ed. aNew dehlibKhanna publishers.cc2010. a1650 p.bill.c32 cm. a0b0c0d624_000000000000000_VAZ aMCE9379 2ddccBK c550018d550018 00102ddc4070aMCEbMCEd2014-10-20l3o624 VAZpMCE-45575r2019-09-30s2019-09-30w2014-10-20yBK